000 00441 a2200181 4500
005 20260317090425.0
008 260316b |||||||| |||| 00| 0 eng d
020 _a9789363636026
_cRs. 795.00
040 _aMAIN
082 _a576
_bK968T
100 _aKhushwa, A K
245 _aTextbook of microbiology
260 _bMedtech
_c2026
_aNew Delhi
300 _axiii, 360
650 _aMicrobiology
650 _aMicroscopy
942 _cBK
999 _c395807
_d395807